| 000 | 00667nam a22001937a 4500 | ||
|---|---|---|---|
| 001 | BD-DhSAU 10153 | ||
| 003 | BD-DhSAU | ||
| 005 | 20150626141353.0 | ||
| 008 | 150224b1991 bg |||||r|||| 00| 0 b d | ||
| 040 | _aBD-DhSAU | ||
| 082 |
_222 _a... _bরফিমে |
||
| 100 | _aরফিক, মোহাম্মদ | ||
| 245 |
_aমেঘে এবং কাদায় / _cমোহাম্মদ রফিক |
||
| 260 |
_aকলকাতা : _bজাতীয় সাহিত্য প্রকাশনী _c১৯৯১. |
||
| 300 |
_a৬৩ পৃ. : _c২১ সে মি।। |
||
| 590 | _aerfat | ||
| 650 | _aকবিতা | ||
| 942 |
_2ddc _cBOOK |
||
| 999 |
_c10153 _d10152 |
||